Vehicle Brands used in Top Gear/The Grand Tour Specials - Statistics

General Stats
  • This quiz has been taken 19 times
    6 since last reset
  • The average score is 21 of 44
Answer Stats
Nr. of vehicles
by brand
Brand % Correct
1 Audi
100%
1 Bentley
100%
4 Ford
100%
2 Mercedes-Benz
100%
1 Nissan
100%
2 BMW
75%
2 Cadillac
75%
1 Caterham
75%
3 Chevrolet
75%
1 Dodge
75%
2 Lancia
75%
1 Land Rover
75%
1 Mitsubishi
75%
1 Suzuki
75%
2 Toyota
75%
3 Volkswagen
75%
1 Aston Martin
50%
2 Fiat
50%
1 Honda
50%
2 Jaguar
50%
1 Jeep
50%
1 Lotus
50%
1 Mazda
50%
1 Mini
50%
1 Rolls-Royce
50%
2 Subaru
50%
1 Volvo
50%
1 Buick
25%
1 Crosley
25%
2 Isuzu
25%
1 "John"
25%
1 Lincoln
25%
1 Maserati
25%
1 Opel
25%
1 Porsche
25%
1 Triumph
25%
1 Fleetwood
0%
1 Hino
0%
1 International
0%
1 Minsk
0%
1 Mitsuoka
0%
1 Piaggio
0%
1 sled dogs
0%
1 TVS
0%
No matching quizzes found
Score Distribution
Percent of People with Each Score
Percentile by Number Answered
Your Score History
You have not taken this quiz since the last reset